000 01039cab a22002295a 4500
001 L152171
008 110207s2010 xxk 000 0 eng d
035 _a(Sirsi) u152171
041 0 _aeng
100 1 _aNixon, Katie
245 0 0 _aNo word of a lie, misdescriptions and misrepresentations
260 _c2010
490 _aHogan Lovells Real Estate Quarterly
_vAutumn 2010, 10-11(2)
520 _aWarns in the first of two articles (see also L152172) about the dangers of not examining property particulars carefully. Describes in detail the scope of the Property Misdescriptions Act 1991 relating to the outlawing of false or misleading statements in the context of the marketing and disposal of property and reminds us that falling foul of the Act's provisions is a criminal offence.
590 _aKA
650 2 4 _aLEWIN V BARRATT HOMES LTD
650 2 4 _aGEORGE WIMPEY UK LTD V BROWN
650 2 4 _aPROPERTY MISDESCRIPTIONS ACT 1991
651 4 _aEngland and Wales
_y1543-
690 _aPROPERTY-PROPERTY AGENCY
942 _n0
999 _c82900
_d82900